00000000nas##2200000za#4500
0019.500714
003CaOODSP
00520200612091505
007cr |||||||||||
008150406c1999||||xxc|| p o||||f|   |0fre|d
040 |aCaOODSP|bfre
041 |aeng
041 |afre
043 |an-cn---
0861 |aH72-1/1-PDF
1101 |aCanada. |bSanté Canada.
24510|aRépertoire national des programmes de traitement pour auteurs d'agressions sexuelles sur les enfants / |h[ressource électronique]|cPréparé par le Centre national d'information sur la violence dans la famille.
260 |aOttawa - Ontario : |bSanté Canada
310 |aAnnuel
3621 |a1999--
69107|aCrime sexuel|2gcpds
69107|aViolence faite aux enfants|2gcpds
791 |tNational inventory of treatment programs for child sexual abuse offenders / |eeng|w(CaOODSP)9.500713